000 00578nam a22001817a 4500
999 _c3833
_d234337
020 _a9789871183906
080 _a342 m 946
100 _aMurillo, Susana
245 _aColonizar el dolor
_bla interpelaciòn ideològica del banco Mundial en Amèrica latina. El caso argentino desde Blumberg a Cromañòn
260 _aBuenos Aires
_bConsejo latinoamericano de Ciencias Sociales
_c2008
300 _a368 P.
_c23 X 16 Cm.
490 _aBecas e Investigaciòn
650 _xBlumberg
650 _xCromañon
650 _xideologias
942 _6_
945 _acd
_d2015-04-30